000 01201nam a2200289 a 4500
001 BRL_1358
005 20190320211151.0
008 080114s1941----sw-abo####---#000-0#eng-#
041 _aeng
044 _asw
050 4 _aNK8983
_b.S95 1941
100 1 _aSylwan, Vivi
_d1870-
_926566
245 1 0 _aWoollen textiles of Lou-lan people
_cBy Vivi Sylwan ; Introduction by Folke Bergman ; Appendix spinning tool and spinning methods in Asia by G. Montell.
260 _aStockholm
_bTryckeri Aktiebolaget Thule
_c1941
300 _a127 p.
_bil., láminas, mapas
_c29 cm.
440 0 _aReports from the scientific expedition to the north-western provinces of China under the leadership of Dr. Sven Hedin. The Sino-Swedish Expedition. Publication 15. VII. Archaeology
_v2
_926635
500 _aAu1561
504 _aBibliografía: p. 126-127
650 1 4 _aLana y fabricación de estambre
_zXinjiang Uygur Zizhiqu (China)
_926636
650 1 4 _aTelas
_zXinjiang Uygur Zizhiqu (China)
_926637
650 1 4 _aTextiles
_zXinjiang Uygur Zizhiqu (China)
_926638
650 1 4 _aDiseño textil
_zChina
_926639
700 1 _aBergman, Folke
_926640
700 1 _aMontell, G.
_926641
902 _aGRL
942 _2lcc
_cB
999 _c10170
_d10170